Sąsiedzi Niemiec - Statystyki

Ogólne statystyki
  • Ten quiz został rozwiązany 27 razy
  • Średni wynik to 8 z 9
Statystyki odpowiedzi
Wskazówka Odpowiedź % Poprawnych
Graniczy Na Odrze Polska
100%
Kraj Znany Z Neutralności Szwajcaria
100%
Razem Z Niemcami Organizują TCS Austria
92%
To Państwo Graniczy Tylko Z Niemcami Dania
92%
Największy Sąsiad Niemiec Francja
92%
Środkowe Państwo Beneluxu Belgia
88%
Najmniejszy Sąsiad Niemiec Luksemburg
88%
Graniczą z Saksonią Czechy
75%
To Państwo w ¼ Jest Pod Wodą Niderlandy
42%
Nie znaleziono quizów pasujących do podanych kryteriów
Rozkład punktacji
Procent ludzi z każdym wynikiem
Percentyl według liczby udzielonych odpowiedzi
Twoja historia wyników
Nie rozwiązałeś tego quizu